| 000 | 01194nam a22003617a 4500 | ||
|---|---|---|---|
| 001 | 0060625 | ||
| 003 | KOHA_MİRAKIL | ||
| 005 | 20260207004304.0 | ||
| 007 | ta | ||
| 008 | 170811b1995 tu a|||gr||||#0|||0|tur | | ||
| 020 | _a9751912229 | ||
| 040 |
_aTR-BiSEU _btur _cTR-BiSEU _erda |
||
| 041 | 0 |
_atur _aeng |
|
| 044 | _ctu | ||
| 050 |
_aDR435.A7 _bA75 1995 |
||
| 245 | 0 |
_aArmenians in Ottoman documents, 1915-1920/ _cproject director İsmet Binark. |
|
| 264 | 1 |
_aAnkara : _bGeneral Directorate of the State Archives Directorate of Ottoman Archives _c1995 |
|
| 300 |
_aXLIV, 641 pages : _bfacsims ; _c24 cm. |
||
| 336 |
_ametin _btxt _2rdacontent |
||
| 337 |
_aaracısız _bn _2rdamedia |
||
| 338 |
_acilt _bnc _2rdacarrier |
||
| 490 | 1 |
_aPublication ; _vno. |
|
| 490 | 1 | _a25. | |
| 500 | _aIncludes index. | ||
| 650 | 0 |
_aArmenians--Turkey--History--20th century--Sources. _9111809 |
|
| 650 | 0 |
_aTurkey--History--Ottoman Empire, 1288-1918--Sources. _973551 |
|
| 650 | 0 |
_aTurkey--Ethnic relations--History--Sources. _916671 |
|
| 650 | 0 |
_aArmenia--History--1901---Sources. _9111810 |
|
| 830 | 1 |
_aPublication ; _vno. _95618 |
|
| 830 | 1 |
_a25. _913257 |
|
| 907 | _aTarih | ||
| 942 |
_2lcc _cBK |
||
| 999 |
_c60426 _d60426 |
||